=LDR 00000nam 2200000 4500 =001 INLIS000000000054297 =005 20200116092022 =035 ##$$a 0010-0120000075 =007 ta =008 200116###########################0###### =020 ##$$a 978-602-60635-8-8 =082 ##$$a 889.221 =084 ##$$a 889.221 EDI k =100 #$$a Edi Suyanto =245 1#$$a Kopita selekta sastra : $b Rupa kajian pembaca /$c Edi Suyanto =260 ##$$a Yogyakarta :$b Textium,$c 2017 =300 ##$$a x, 180 hlm. ; $c 25 Cm. =650 ##$$a Kesusastraan indonesia =504 ##$$a Bibliografi : Hlm 47-48 =990 ##$$a 02860286 =990 ##$$a 02860286 =990 ##$$a 02860286 =990 ##$$a 02860286 =990 ##$$a 21900690 =990 ##$$a 1202000286 =990 ##$$a 1202000287 =990 ##$$a 1202000288 =990 ##$$a 21900691 =990 ##$$a 1202000286 =990 ##$$a 1202000287 =990 ##$$a 21900690 =990 ##$$a 219006912 =990 ##$$a 1202000286 =990 ##$$a 21900691 =990 ##$$a 21900690 =990 ##$$a 21900693 =990 ##$$a 219006912 =990 ##$$a 21900691 =990 ##$$a 21900690